| 000 | 00471nam a2200169 i 4500 | ||
|---|---|---|---|
| 001 | bg | ||
| 100 | 1 | _aDUGDALE, J. S. | |
| 245 | 0 |
_aThe electrical properties of metals and alloys / _cJ.S. Dugdale. |
|
| 260 |
_aLondon, _c1977. |
||
| 490 | 1 |
_aThe Structure and Properties of Solids ; _v5 |
|
| 830 | _aThe Structure and Properties of Solids ; | ||
| 040 | _cBPK | ||
| 041 | _apol | ||
| 080 | _a538.9:669:537 | ||
| 942 | _cKS | ||
| 008 | s pl f |000 0 pol | ||
| 999 |
_c27858 _d27858 |
||
| 856 |
_uhttp://koha.tu.koszalin.pl/cgi-bin/koha/opac-detail.pl?biblionumber=27858 _yKatalog online BPK |
||